000 00566cam a22002051 4500
001 4059163
005 20180202045303.0
008 730220s1964 nyua b 000 0 eng
010 _a 64022273
040 _aDLC
_cDLC
_dDLC
041 _aeng
080 _a541.396
082 0 0 _a541.396 BAS
100 1 _a12
101 _aKIM
245 1 0 _aCoordination chemistry;
_c[by] Fred Basolo [and] Ronald C. Johnson.
504 _aIncludes bibliographies.
906 _a7
_bcbc
_corignew
_du
_eocip
_f19
_gy-gencatlg
942 _2ddc
_cBK
999 _c41619
_d41619